000 00511nam a2200181Ia 4500
999 _c27777
_d27777
003 OSt
005 20201201094953.0
008 190216s9999||||xx |||||||||||||| ||und||
020 _a8171805191
040 _coclc
082 _a894.8123
_bSAL/I
100 _aSalam, Chirayinkeezhu
_97058
245 0 _aIthu Kameswaram /
_cChirayinkeezhu Salam
260 _bPoorna Pubs,
_c1996.
_a Kozhikode:
300 _a108p
650 _aNovel
942 _cBK
_2ddc
_h894.8123
_iSAL/I
_k894.8123
_mSAL/I